Statistics for Quiz about Canada

Click here to take the quiz!

General Stats

  • This quiz has been taken 38 times
  • The average score is 13 of 19

Answer Stats

Hint Answer % Correct
Official language of CanadaEnglish
100%
The other official language of CanadaFrench
100%
Capital of CanadaOttawa
100%
Name a color on the Canadian flagRed, White
100%
Canada's biggest trading partnerUnited States of America
97%
Which Canadian province speaks the above languageQuebec
97%
What is in the middle of Canada's flag?Maple leaf
97%
Current Prime Minister of CanadaJustin Trudeau
94%
The national animal of CanadaBeaver
94%
The biggest city in the above provinceMontreal
85%
Canadian city that hosted the OlympicsVancouver
76%
Rapper from CanadaDrake
59%
Marty McFlyMichael J Fox
56%
Austin PowersMike Myers
44%
The head of state of CanadaQueen Elizabeth 2.
38%
DeadpoolRyan Reynolds
38%
The other national animal of CanadaCanadian horse
3%
Female Canadian YoutuberLilly Singh
3%
Male Canadian YoutuberMatthew Santoro
0%

Score Distribution

Percentile by Number Answered

Percent of People with Each Score

Your Score History

You have not taken this quiz